LEADER 01074nam a2200217 4500 001 000000341354 003 CaOOAMICUS 005 20200805141335.0 008 200805s1815 fr 000 u fre r 026 $a3194 2.0. 0.l. lesi (3) 1815 (R) 040 $aSeMil$bita 245 00$aTome 4. 264 1$c1815. 300 $a[2], 455, [1] p. ;$c8° 700 1 $aSprengel, Kurt,$d<1766-1833>.$0(OLS)http://semarc/name/111851 773 0 $aSprengel, Kurt <1766-1833>$tHistoire de la médecine, depuis son origine jusqu'au dix-neuvième siècle par Kurt Sprengel; traduite de l'allemand sur la seconde édition, par A. J. L. Jourdan,... et revue par E.F.M. Bosquillon ... Tome 1. [-9.].$dA Paris : Chez Deterville, libraire, rue Hautefeuille, N° 8 : Th. Desoer, libraire, rue de Richelieu, N° 37, 1815-1832.$g4$w()341350 850 $aSeMil 852 $aSeMil$W1$xVenegono$y1$m3XD IV 9 FA$j220255$B232355$CSeMilBibl$Z2$F232355 $8I 996 $6245$aTome 4$9(OLS)http://semarc/title/1585 996 $6264$a[S.l.] :$b[s.n.]$9(OLS)http://semarc/publisher/0 LEADER 00806naa a2200133 i 4500 001 000000324978 003 CaOOAMICUS 005 20180831173453.0 008 180831n it u000 u ita u 013 $a35893 040 $aSeMil$bita 245 12$aI benefattori dell'Ospedale Maggiore di Milano nel biennio 25 marzo 1935 - 25 marzo 1937 e i nuovi ritratti. - Con 37 illustrazioni. - In testa al front :$bConsiglio degli Istituti Ospedalieri di Milano. 773 0 $aSpinelli, Salvatore$tBenefattori dell'Ospedale Maggiore di Milano.$d[S.l. : s.n.], [195?]$gp.1-94$w()184731 996 $6245$aI benefattori dell'Ospedale Maggiore di Milano nel biennio 25 marzo 1935 - 25 marzo 1937 e i nuovi ritratti. - Con 37 illustrazioni. - In testa al front :$bConsiglio degli Istituti Ospedalieri di Milano$9(OLS)http://semarc/title/398225